Data Warehouse v reálném čase a jak ho využít v bance

Použitie technológie Data Warehouse (DW) v reálnom čase v niektorých oblastiach vrátane finančníctva. Riaditeľ spoločnosti NCR Teradata vysvetľuje pojem DW v reálnom čase a v čom sa líši od tradičného poňatia DW. Význam využitia tohto systému v českom bankovníctve.

Na minha lista:
Detalhes bibliográficos
Autor principal: Chuchvalcová, Jana
Outros Autores: Frýda, Josef
Formato: Capítulo de Livro
Idioma:tcheco
Assuntos:
Tags: Adicionar Tag
Sem tags, seja o primeiro a adicionar uma tag!

MARC

LEADER 00000naa$a2200000$$$4500
001 0025036
005 20231010083410.0
041 0 |a cze 
044 |a CZ 
245 1 0 |a Data Warehouse v reálném čase a jak ho využít v bance  |c Jana Chuchvalcová, Josef Frýda 
520 |a Použitie technológie Data Warehouse (DW) v reálnom čase v niektorých oblastiach vrátane finančníctva. Riaditeľ spoločnosti NCR Teradata vysvetľuje pojem DW v reálnom čase a v čom sa líši od tradičného poňatia DW. Význam využitia tohto systému v českom bankovníctve. 
610 2 0 |a technológie informačné 
610 2 0 |a sklad dát 
610 2 0 |a bankovníctvo 
610 2 0 |a dolovanie dát 
100 1 |a Chuchvalcová, Jana 
700 1 |a Frýda, Josef